The IT trade off (Record no. 79887)
[ view plain ]
| 000 -LEADER | |
|---|---|
| fixed length control field | 01004cab a22002055a 4500 |
| 001 - CONTROL NUMBER | |
| control field | L142643 |
| 008 - FIXED-LENGTH DATA ELEMENTS--GENERAL INFORMATION | |
| fixed length control field | 080226s2008 xxkd f 000 0 eng d |
| 035 ## - SYSTEM CONTROL NUMBER | |
| System control number | (Sirsi) u142643 |
| 041 0# - LANGUAGE CODE | |
| Language code of text/sound track or separate title | eng |
| 100 1# - MAIN ENTRY--PERSONAL NAME | |
| Personal name | McManus, John |
| 245 04 - TITLE STATEMENT | |
| Title | The IT trade off |
| 260 ## - PUBLICATION, DISTRIBUTION, ETC. | |
| Date of publication, distribution, etc. | 2008 |
| 490 #0 - SERIES STATEMENT | |
| Series statement | Project |
| Volume/sequential designation | 20(4) February 2008, 24-28(5) |
| 520 ## - SUMMARY, ETC. | |
| Summary, etc. | Considers why so many IT projects fail across the EU. Reveals only one in eight IT projects are fully successful, with the cost of project failure across the EU at 142bn euros in 2004. Research into IT project failure found that the top three issues were business process alignment, requirements management, and overspends. Also examines at what stage in the project lifecycle IT projects are cancelled or abandoned as failures, the average schedule and budget overrun, and the main casual factors contributing to project failure. |
| 590 ## - LOCAL NOTE (RLIN) | |
| Local note | KA |
| 651 #4 - SUBJECT ADDED ENTRY--GEOGRAPHIC NAME | |
| Geographic name | Europe |
| 690 ## - LOCAL SUBJECT ADDED ENTRY--TOPICAL TERM (OCLC, RLIN) | |
| Topical term or geographic name as entry element | Project management |
| 9 (RLIN) | 6261 |
| 700 1# - ADDED ENTRY--PERSONAL NAME | |
| Personal name | Wood-Harper, Trevor |
| 942 ## - ADDED ENTRY ELEMENTS (KOHA) | |
| Suppress in OPAC | 0 |
| Withdrawn status | Lost status | Source of classification or shelving scheme | Damaged status | Not for loan | Home library | Current library | Shelving location | Date acquired | Total Checkouts | Full call number | Barcode | Date last seen | Copy number | Price effective from | Koha item type |
|---|---|---|---|---|---|---|---|---|---|---|---|---|---|---|---|
| Dewey Decimal Classification | London | London | Journal article | 26/02/2008 | L142643 | 142643-1001 | 06/08/2019 | 1 | 06/08/2019 | Journal article |